Salesian sources : (Record no. 170152)
[ view plain ]
| 000 -LEADER | |
|---|---|
| fixed length control field | 00602nam a22001817a 4500 |
| 005 - DATE AND TIME OF LATEST TRANSACTION | |
| control field | 20191226142439.0 |
| 010 ## - LCCN (DPL NO) | |
| LC control number | ENG-127078 |
| 020 ## - INTERNATIONAL STANDARD BOOK NUMBER | |
| Terms of availability | 950.00 |
| International Standard Book Number | 9788193374573 |
| 035 ## - SYSTEM CONTROL NUMBER | |
| System control number | EN-110610 |
| 037 ## - SOURCE OF ACQUISITION | |
| Source of stock number/acquisition | DBAD/PUB |
| 082 ## - DEWEY DECIMAL CLASSIFICATION NUMBER | |
| Classification number | 280 |
| 245 ## - TITLE STATEMENT | |
| Title | Salesian sources : |
| Remainder of title | Don Bosco and his works |
| 260 ## - PUBLICATION, DISTRIBUTION, ETC. (IMPRINT) | |
| Place of publication, distribution, etc | Bengalure |
| Name of publisher, distributor, etc | Kristu Jyoti Publications |
| Date of publication, distribution, etc | 2017 |
| 270 ## - ADDRESS | |
| Address | Bosco Nagar |
| City | Krishnarajapuram, Bengalure |
| Postal code | 560036 |
| Electronic mail address | kristujyotipub@yahoo.co.in |
| Telephone number | 09481201282 |
| 300 ## - PHYSICAL DESCRIPTION | |
| Extent | CII;1515p. |
| Dimensions | 21cm(Hb) |
| 500 ## - GENERAL NOTE | |
| General note | Includes bibliographical references and index |
| 942 ## - ADDED ENTRY ELEMENTS (KOHA) | |
| Source of classification or shelving scheme | Dewey Decimal Classification |
| Item type | English Books |
| Classification part | 280 |
| Call number suffix | SAL |
| Withdrawn status | Lost status | Not for loan | Collection code | Home library | Current library | Date acquired | Source of acquisition | Cost, normal purchase price | Full call number | Barcode | Copy number | Cost, replacement price | Koha item type |
|---|---|---|---|---|---|---|---|---|---|---|---|---|---|
| Non-fiction | Ashok Vihar | Ashok Vihar | 11/12/2019 | DBAD/PUB | 950.00 | 280 SAL | EN-110610 | 1 | 950.00 | English Books |
